000 00843nas a2200265 4500
001 BR2019000701
003 BR-BrBNA
005 20231205131633.0
007 ta
008 230509b bl.|||p| |||| 00| 00por d
040 _aBR-BrBNA
_bpor
_cBiblioteca Nacional de Agricultura
041 _a(Pt)
072 _aH20; U10
100 1 _aSgrillo, R.B.
100 1 _aSgrillo, K.R.P.A.
245 1 _aModelo para simulação da evolução da vassoura-de-bruxa do cacaueiro na Bahia: validação do modelo
650 _aCACAU
650 _aVASSOURA-DE-BRUXA
650 _aDOENÇA FÚNGICA
650 _aMODELO MATEMÁTICO
773 0 _tAgrotrópica (Brazil)
_xISSN 0103-3816
_g(Jan-Apr 2003), v. 15(1) p. 25-32
_wBR2019000701
856 4 0 _dLink DSPACE/MAPA BR2019000701
909 _a202311
_bLúcia
_c55
_dLúcia Elande
942 _2AGRIS
_n0
_cANA
999 _c255842
_d255842